Sheep blowfly investigations : the attractiveness of sheep for Lucilia cuprina /

Bibliographic Details
Main Authors: Mackerras, Ian Murray, Mackerras, Mabel Josephine, 1896-1971 (Author)
Corporate Author: Council for Scientific and Industrial Research (Australia)
Format: Book
Language:English
Series:Bulletin (Council for Scientific and Industrial Research (Australia)) ; no. 181.
Subjects:

MARC

Tag First Indicator Second Indicator Subfields
LEADER 00000cam a2200000 i 4500
001 in00000294398
005 20240918163919.0
008 790703r1944uuuuvraaf b f000 0 eng d
010 |a  45003144  
016 7 |a 002323562  |2 Uk 
029 1 |a AU@  |b 000028208455 
035 |a (OCoLC)ocm05132616 
035 |a (OCoLC)5132616 
035 |a (OCoLC)ocm05132616 
040 |a TXA  |b eng  |c TXA  |d OCLCQ  |d UKMGB  |d OCLCQ  |d OCLCF  |d OCLCQ  |d OCLCO  |d OCLCQ  |d TXA 
043 |a u-at--- 
050 4 |a S381  |b .A25 no. 181 
082 0 4 |a 595.77  |q OCoLC 
100 1 |a Mackerras, Ian Murray. 
245 1 0 |a Sheep blowfly investigations :  |b the attractiveness of sheep for Lucilia cuprina /  |c by I.M. Mackerras and M.J. Mackerras. 
246 3 0 |a Attractiveness of sheep for Lucilia cuprina 
264 3 |a Melbourne :  |b H.E. Daw, Government Printer,  |c 1944. 
300 |a 44 pages, 2 unnumbered pages of plates :  |b illustrations ;  |c 24 cm 
336 |a text  |b txt  |2 rdacontent 
337 |a unmediated  |b n  |2 rdamedia 
338 |a volume  |b nc  |2 rdacarrier 
490 1 |a Council for Scientific and Industrial Research (Australia) Bulletin ;  |v no. 181 
500 |a "Photo-lithographic process." 
504 |a Includes bibliographical references (pages 43-44). 
650 0 |a Blowflies  |z Australia. 
650 0 |a Lucilia cuprina  |z Australia. 
650 0 |a Sheep  |x Parasites  |z Australia. 
650 6 |a Calliphoridés. 
650 7 |a Blowflies.  |2 fast  |0 (OCoLC)fst00834908 
650 7 |a Sheep  |x Parasites.  |2 fast  |0 (OCoLC)fst01115514 
700 1 |a Mackerras, Mabel Josephine,  |d 1896-1971,  |e author. 
700 1 |a Jones, J. M.  |q (John McKinley),  |e former owner.  |5 TXA 
710 2 |a Council for Scientific and Industrial Research (Australia) 
776 0 8 |i Online version:  |a Mackerras, Ian Murray.  |t Sheep blowfly investigations.  |d Melbourne, H.E. Daw, government printer, 1944  |w (OCoLC)1085290291 
830 0 |a Bulletin (Council for Scientific and Industrial Research (Australia)) ;  |v no. 181. 
948 |h HELD BY TXA - 14 OTHER HOLDINGS 
994 |a Z0  |b TXA 
999 f f |s d2fa7161-0524-3bec-96d7-a4f95fdebe5f  |i 8d8050a6-da43-3ffe-bddc-9f08e4a9771f  |t 0 
952 f f |p noncirc  |a Texas A&M University  |b College Station  |c Cushing Memorial Library & Archives  |s cush dyks  |d Cushing: Dykes (Does not check out)  |t 0  |e S381 .A25 no.181  |f Vertical File  |h Library of Congress classification  |i unmediated -- volume  |m A14853149248 
998 f f |a S381 .A25 no.181  |t 0  |l Cushing: Dykes (Does not check out)